000 00625nam a22001937a 4500
999 _c187819
_d187819
005 20220429130035.0
010 _aENG-132473
020 _a9789390082469
_c350.00
035 _aEN-116005
037 _bDBAD/PUB
082 _a006.3
100 _aK, Sivakumar
245 _aArtifical Intelligence/
_cSivaKumar K [et.al...]
260 _aNew Delhi
_bBloomsbury Publishing India Pvt Ltd
_c2017
270 _aDDA Complex, LSC Building No. 4, Second Floor, Pocket C-6 & 7, Vasant Kunj
_bNew Delhi
_e1100070
300 _a256p.
_c22cm(pbk)
700 _aSivakumar K [et.al..]
942 _2ddc
_cEN
_h006.3
_mSIV